Statystyki dla Losowe stany USA (z mapą)

Kliknij tutaj aby rozwiązać quiz!

Ogólne statystyki

  • Ten quiz został rozwiązany 169 razy
  • Średni wynik to 11 z 15

Odpowiedzi na mapie

Odpowiedzi skodowane kolorowo w zielono-czerwonej skali na mapie do tego quizu, zgodnie z poniższymi procentami.
 

Statystyki odpowiedzi

Stan% Poprawnych
Alaska
100%
Floryda
100%
Kalifornia
100%
Nebraska
100%
Nevada
100%
Nowy Jork
100%
Utah
100%
Arizona
92%
Karolina Północna
90%
Karolina Południowa
89%
Indiana
88%
Kentucky
88%
Idaho
86%
Kansas
83%
Maine
83%
Nowy Meksyk
83%
Wisconsin
83%
Hawaje
82%
Luizjana
80%
Michigan
80%
Ohio
80%
Vermont
80%
Waszyngton
80%
Missisipi
78%
Oregon
78%
Teksas
78%
Dakota Południowa
75%
Georgia
75%
Minnesota
75%
Pensylwania
75%
Delaware
71%
New Hampshire
71%
Arkansas
70%
Iowa
70%
Rhode Island
70%
Wirginia
70%
Dakota Północna
67%
Illinois
67%
Tennessee
67%
Wirginia Zachodnia
67%
Kolorado
63%
Wyoming
60%
Maryland
56%
Connecticut
53%
Alabama
50%
Massachusetts
50%
Missouri
50%
Montana
50%
Oklahoma
50%
New Jersey
40%

Rozkład punktacji

Percentyl według liczby udzielonych odpowiedzi

Procent ludzi z każdym wynikiem

Twoja historia wyników

Nie rozwiązałeś tego quizu